Guía de la contribución sobre renta / (Record no. 62792)

MARC details
000 -LEADER
campo de control de longitud fija 00674nam a2200181 i 4500
001 - NÚMERO DE CONTROL
campo de control 62792
003 - IDENTIFICADOR DE NÚMERO DE CONTROL
campo de control ES-MaACL
005 - FECHA Y HORA DE LA ÚLTIMA TRANSACCIÓN
campo de control 20230906164729.0
007 - CAMPO FIJO DE DESCRIPCIÓN FÍSICA--INFORMACIÓN GENERAL
campo de control de longitud fija t|
008 - DATOS DE LONGITUD FIJA--INFORMACIÓN GENERAL
campo de control de longitud fija 031126s1955 sp ||||1| spa d
100 1# - ENTRADA PRINCIPAL--NOMBRE DE PERSONA
Nombre de persona Fernández de Mesa y Porras, Rodrigo.
9 (RLIN) 49689
245 10 - MENCIÓN DEL TÍTULO
Título Guía de la contribución sobre renta /
Mención de responsabilidad, etc. por Rodrigo Fernández de Mesa y Porras y Miguel Rubira Carbonell.
260 ## - PUBLICACIÓN, DISTRIBUCIÓN, ETC.
Lugar de publicación, distribución, etc. Madrid :
Nombre del editor, distribuidor, etc. Jurisprudencia editorial,
Fecha de publicación, distribución, etc. 1955 (
Fabricante Nuevas Gráficas)
300 ## - DESCRIPCIÓN FÍSICA
Extensión 2 v. ;
Dimensiones 28 cm.
505 8# - NOTA DE CONTENIDO CON FORMATO
Nota de contenido con formato Contiene: V. I: La declaración del contribuyente. -- V. II: Apéndices
700 1# - ENTRADA AGREGADA--NOMBRE PERSONAL
Nombre de persona Rubira Carbonell, Miguel.
9 (RLIN) 100459
852 ## - LOCALIZACIÓN
Ubicación ES-MaACL
Número de control de estantería B-13798-9
Sublocalización o colección R.37338
Holdings
Estatus retirado Estado de pérdida Estado de daño No para préstamo Biblioteca de origen Biblioteca actual Ubicación en estantería Fecha de adquisición Fuente de adquisición Total de préstamos Signatura topográfica completa Código de barras Visto por última vez Precio de reemplazo Tipo de ítem Koha
        Biblioteca del Ateneo de Madrid Biblioteca del Ateneo de Madrid Sala Pardo Bazán 17/01/2008     B-13798-9 1065825 23/02/2023 23/02/2023 Libro impreso